Statistics for National Forests of Colorado on a Map

Click here to take the quiz!

General Stats

  • This quiz has been taken 16 times
  • The average score is 8 of 14

Answers on the Map

Answers color-coded by a green-red scale on the quiz's map according to % correct below.
 

Answer Stats

National Forest/Grassland% Correct
Uncompahgre
82%
Gunnison
73%
Pike
73%
Roosevelt
73%
Arapaho
64%
San Isabel
64%
San Juan
64%
White River
64%
Grand Mesa
55%
Rio Grande
55%
Manti-La Sal
45%
Routt
45%
Pawnee
36%
Comanche
27%

Score Distribution

Percentile by Number Answered

Percent of People with Each Score

Your Score History

You have not taken this quiz